[Event "16th Unive Open"]
[Site "Hoogeveen NED"]
[Date "2012.10.23"]
[Round "5"]
[White "Okkes,M"]
[Black "Van Foreest,Lucas"]
[Result "0-1"]
[WhiteElo "2368"]
[BlackElo "1952"]

1.Nf3 Nf6 2.c4 g6 3.Nc3 Bg7 4.e4 d6 5.d4 O-O 6.Be2 e5 7.O-O Nc6 8.d5 Ne7
9.b4 a5 10.Ba3 axb4 11.Bxb4 b6 12.a4 Nh5 13.g3 Bh6 14.a5 bxa5 15.Rxa5 Bh3
16.Re1 c5 17.Rxa8 Qxa8 18.Bxc5 dxc5 19.Nxe5 Bg7 20.f4 Qa3 21.Qd2 Rb8 22.Nb5 Qb3
23.d6 Bxe5 24.dxe7 Bf6 25.Bxh5 gxh5 26.Qd6 Qf3 27.Qxb8+ Kg7 28.Qf8+ Kg6 29.f5+ Kg5
30.Qg8+ Kh6 31.Qf8+ Bg7  0-1

[Event "4th Marcel Duchamp Open"]
[Site "Buenos Aires ARG"]
[Date "2012.10.24"]
[Round "3.2"]
[White "Bielicki,C"]
[Black "Sosa,T ARG"]
[Result "0-1"]
[WhiteElo "2314"]
[BlackElo "2172"]

1.d4 Nf6 2.Nf3 g6 3.c4 Bg7 4.Nc3 O-O 5.e4 d6 6.Be2 e5 7.O-O Nc6 8.d5 Ne7
9.Ne1 Nd7 10.Nd3 f5 11.Bd2 Nf6 12.f3 f4 13.c5 g5 14.cxd6 cxd6 15.Nf2 h5 16.h3 Rf7
17.a4 Bf8 18.a5 Rg7 19.Ra3 Kh8 20.Nb5 Neg8 21.Rc3 Nh6 22.Qc2 g4 23.Nc7 Rb8
24.Ne6 Bxe6 25.dxe6 gxh3 26.Nxh3 Qxa5 27.Be1 Qd8 28.Bh4 Be7 29.Rc7 Nfg8 30.Bf2 Qe8
31.Bxa7 Ra8 32.Rxb7 Qg6 33.Bb5 d5 34.Bd7 Rxa7 35.Rxa7 Bc5+ 36.Kh1 Bxa7 37.Ra1 Be3
38.Ra6 Ne7 39.Ra8+ Nhg8 40.Ra2 Qg3 41.b4 Qe1+ 42.Kh2 Rg3 43.Nf2 d4  0-1

[Event "ITT La Razon 2012"]
[Site "Villa Martelli ARG"]
[Date "2012.10.24"]
[Round "2.3"]
[White "Fusco,L"]
[Black "Maggiolo,E"]
[Result "1-0"]
[WhiteElo "2379"]
[BlackElo "2054"]

1.Nf3 Nf6 2.c4 g6 3.Nc3 Bg7 4.e4 d6 5.d4 O-O 6.Be2 e5 7.O-O Nc6 8.d5 Ne7
9.b4 Ne8 10.c5 Kh8 11.Nd2 f5 12.f3 f4 13.g4 Ng8 14.Nc4 h5 15.gxh5 Bh3 16.Kh1 Bxf1
17.Qxf1 Qh4 18.Bd2 g5 19.Qg2 Qxh5 20.Rg1 Bf6 21.Bf1 Rf7 22.Qh3 Rh7 23.Qxh5 Rxh5
24.Be1 Be7 25.c6 b6 26.Nd1 Nh6 27.Nf2 Nf6 28.Bh3 Nf7 29.Be6 Kg7 30.Ng4 Rah8
31.Rg2 Nxg4 32.Bxg4 R5h7 33.Bf5 Rh5 34.Kg1 Nh6 35.Bd7 Kf6 36.a4 Nf7 37.b5 Bd8
38.Nb2 Rh3 39.Bg4 R8h7 40.Nd1 Rh8 41.Nf2 R3h7 42.Bf5 Nh6 43.Bxh7 Rxh7 44.h3 Kf7
45.Kh2 Be7 46.Nd3 Ke8 47.a5 Nf7 48.Ra2 g4 49.fxg4 Ng5 50.axb6 axb6 51.Ra8+ Bd8
52.h4 Nxe4 53.h5 Ng5 54.Kg2 f3+ 55.Kf1 e4 56.Bh4 Rg7 57.h6 Rg6 58.Nf4  1-0

[Event "13th Liberec Open 2012"]
[Site "Liberec CZE"]
[Date "2012.10.25"]
[Round "7"]
[White "Sabuk,P"]
[Black "Splichal,P"]
[Result "1-0"]
[WhiteElo "2173"]
[BlackElo "2041"]

1.d4 Nf6 2.c4 g6 3.Nc3 Bg7 4.Nf3 d6 5.e4 O-O 6.Be2 e5 7.O-O Nc6 8.d5 Ne7
9.b4 a5 10.Ba3 axb4 11.Bxb4 b6 12.a4 Nd7 13.a5 bxa5 14.Bxa5 Rb8 15.Nd2 f5
16.Nb5 Nb6 17.c5 dxc5 18.Nc4 Nbxd5 19.exd5 Rxb5 20.d6 e4 21.Bxc7 Qd7 22.dxe7 Qxe7
23.Bd6 Qf6 24.Bxf8 Qxf8 25.Ra8 Bd4 26.Rxc8  1-0

[Event "16th Unive Open"]
[Site "Hoogeveen NED"]
[Date "2012.10.26"]
[Round "8"]
[White "Vroombout,E"]
[Black "Majhi,Ankit"]
[Result "0-1"]
[WhiteElo "2243"]
[BlackElo "1923"]

1.d4 Nf6 2.c4 g6 3.Nc3 Bg7 4.e4 d6 5.Nf3 O-O 6.Be2 e5 7.O-O Nc6 8.d5 Ne7
9.Ne1 Nd7 10.Be3 f5 11.f3 f4 12.Bf2 g5 13.a4 h5 14.a5 Ng6 15.Nb5 Nf6 16.Nxa7 Rxa7
17.Bxa7 g4 18.c5 g3 19.cxd6 Nh7 20.dxc7 Qh4 21.h3 Ng5 22.Nd3 Nxh3+ 23.gxh3 Bxh3
24.Re1 Bg2 25.Kxg2 Qh2+ 26.Kf1 g2+  0-1

[Event "39th ch-IND Premier w 2012"]
[Site "Jalgaon IND"]
[Date "2012.10.26"]
[Round "3.8"]
[White "Ivana Maria,F"]
[Black "Saranya,J"]
[Result "1-0"]
[WhiteElo "2119"]
[BlackElo "2166"]

1.d4 Nf6 2.c4 g6 3.Nc3 Bg7 4.e4 d6 5.Be2 O-O 6.Nf3 e5 7.O-O Nc6 8.d5 Ne7
9.b4 a5 10.Ba3 Ne8 11.c5 f5 12.Nd2 f4 13.bxa5 Rxa5 14.Nc4 Ra6 15.Nb5 g5 16.Rc1 Rxa3
17.Ncxa3 Nf6 18.f3 Ne8 19.Qc2 Bd7 20.cxd6 cxd6 21.Nc7 Nf6 22.Nab5 Bxb5 23.Bxb5 Nh5
24.Qf2 Rf6 25.Ne6 Qb8 26.Qb6 Bf8 27.Rc7 Qa8 28.a4  1-0

[Event "7th Kavalier Open"]
[Site "Vienna AUT"]
[Date "2012.10.26"]
[Round "2.10"]
[White "Hackl,D"]
[Black "Fasser,W"]
[Result "0-1"]
[WhiteElo "1944"]
[BlackElo "1960"]

1.d4 Nf6 2.c4 g6 3.Nc3 Bg7 4.e4 d6 5.Nf3 O-O 6.Be2 Nc6 7.O-O e5 8.d5 Ne7
9.Bg5 h6 10.Bxf6 Bxf6 11.b4 Bg7 12.Nd2 a5 13.bxa5 Rxa5 14.Nb3 Ra8 15.c5 f5
16.f3 g5 17.g3 Ng6 18.a4 h5 19.a5 h4 20.cxd6 cxd6 21.Na4 hxg3 22.hxg3 g4
23.Nb6 Rb8 24.Nxc8 Rxc8 25.exf5 gxf3 26.fxg6 fxe2 27.Qxe2 Qg5 28.Kg2 Qxg6
29.Rxf8+ Bxf8 30.Rd1 Bh6 31.Qd3 Rc2+ 32.Kg1 Qxd3 33.Rxd3 e4 34.Rd1 Rc3 35.Nd4 Rxg3+
36.Kf2 Ra3 37.Nf5 Bf4 38.Rb1 Ra2+ 39.Ke1 Kf7 40.Rxb7+ Kf6 41.Ne7 Rxa5 42.Nc6 Rxd5
43.Rb4 Bd2+  0-1

[Event "7th Deizisau Autumn"]
[Site "Deizisau GER"]
[Date "2012.10.27"]
[Round "1.1"]
[White "Sanikidze,T"]
[Black "Fuchs,Benno"]
[Result "1-0"]
[WhiteElo "2580"]
[BlackElo "1894"]

1.d4 Nf6 2.c4 g6 3.Nc3 Bg7 4.e4 d6 5.Nf3 O-O 6.Be2 e5 7.O-O Nc6 8.Be3 Ng4
9.Bg5 f6 10.Bh4 g5 11.Bg3 f5 12.exf5 Bxf5 13.h3 Nh6 14.dxe5 dxe5 15.Qb3 Nf7
16.Qxb7 Nd4 17.Nxd4 exd4 18.Nd5 Be4 19.Bxc7 Bxd5 20.cxd5 Qe7 21.Ba6 Nd6 22.Qc6 Nf7
23.d6 Qf6 24.Rae1 Kh8 25.Re7 Ne5 26.Qe4 Ng6 27.Bb7 d3 28.Bxa8 d2 29.Qe2 Rxa8
30.Re8+ Rxe8 31.Qxe8+  1-0

[Event "TCh-SVK Extraliga 2012-13"]
[Site "Slovakia SVK"]
[Date "2012.10.27"]
[Round "1.2"]
[White "Debnar,L"]
[Black "Gazik,I"]
[Result "0-1"]
[WhiteElo "2291"]
[BlackElo "2314"]

1.d4 Nf6 2.c4 g6 3.Nc3 Bg7 4.e4 O-O 5.Nf3 d6 6.Be2 e5 7.O-O Nc6 8.d5 Ne7
9.Ne1 Nd7 10.Be3 f5 11.f3 f4 12.Bf2 g5 13.a4 a5 14.Nd3 b6 15.b4 axb4 16.Nxb4 Kh8
17.Nb5 Rg8 18.Nc6 Nxc6 19.dxc6 Nf6 20.a5 bxa5 21.c5 Bf8 22.Qd2 g4 23.Bh4 d5
24.exd5 Bxc5+ 25.Kh1 g3 26.Rad1 Qf8 27.Qc3 Bd6 28.Rfe1 Qh6 29.Bxf6+ Rg7 30.Ra1 Bc5  0-1

[Event "Chigorin Memorial"]
[Site "St Petersburg RUS"]
[Date "2012.10.27"]
[Round "1.41"]
[White "Brodsky,M"]
[Black "Nikitinyh,B"]
[Result "1-0"]
[WhiteElo "2563"]
[BlackElo "2142"]

1.d4 Nf6 2.c4 d6 3.Nc3 g6 4.e4 Bg7 5.Be2 e5 6.Nf3 O-O 7.O-O Nc6 8.d5 Ne7
9.Ne1 Nd7 10.Nd3 f5 11.Bd2 Nf6 12.f3 Bd7 13.c5 f4 14.Qb3 Bc8 15.Nb5 a6 16.Na3 Kh8
17.Nc4 Ne8 18.cxd6 Nxd6 19.Ncxe5 Nb5 20.Qc4 c6 21.Bb4 cxd5 22.exd5 Nd6 23.Qc5 Nef5
24.Rfe1 b6 25.Qf2 Bb7 26.Bc3 Rc8 27.Bf1 g5 28.Nb4 Ne3 29.Nec6 Qd7 30.Bxa6 Bxc3
31.bxc3 Bxa6 32.Nxa6 Qg7 33.Nd4 Rfe8 34.Rac1 Nxd5 35.Rxe8+ Rxe8 36.Nb4 Ne3
37.h3 Qf7 38.Re1 Rc8 39.Qd2 Qc4 40.Rc1 Kg8 41.Qd3 Qxd3 42.Nxd3 Ra8 43.Nb4 Kf7
44.Kf2 Ra3 45.g4 Rxc3 46.Rxc3 Nd1+ 47.Ke2 Nxc3+ 48.Kd2 Na4 49.Nd5 b5 50.Kc2 Nc5
51.Nc7 b4 52.Nd5 Nc4 53.Nxb4 Ne3+ 54.Kd2 Ke7 55.Nd3 Nd7 56.Kc3 Kd6 57.a4 Kd5
58.Nf5 Nxf5 59.gxf5 Nf6 60.a5 h5 61.a6 Kc6 62.Kd4 g4 63.fxg4 hxg4 64.Ne5+ Kb6
65.hxg4 Kxa6 66.g5 Nh5 67.f6 Kb6 68.f7 Ng7 69.Kd5  1-0

[Event "16th OIBM 2012"]
[Site "Bad Wiessee GER"]
[Date "2012.10.28"]
[Round "2.10"]
[White "Volkov,Sergey1"]
[Black "Schalla,D"]
[Result "1-0"]
[WhiteElo "2579"]
[BlackElo "2101"]

1.d4 Nf6 2.c4 g6 3.Nc3 Bg7 4.e4 d6 5.Be2 O-O 6.Nf3 e5 7.O-O Nc6 8.Be3 Ng4
9.Bg5 f6 10.Bc1 Nh6 11.c5 exd4 12.Nxd4 Nxd4 13.Qxd4 dxc5 14.Qxc5 c6 15.Bc4+ Kh8
16.Bf4 Re8 17.Rad1 Qb6 18.Qxb6 axb6 19.a4 Bf8 20.Be3 Ng4 21.Bxb6 Ne5 22.Bb3 Nd7
23.Bd4 Bc5 24.f3 Kg7 25.Kf2 Be7 26.Rfe1 Nc5 27.Bc2 Ne6 28.Be3 Bc5 29.h4 h6
30.Bxc5 Nxc5 31.Rd6 Be6 32.e5 f5 33.Red1 Re7 34.g3 Na6 35.R1d4 Rae8 36.f4 Nc7
37.Bd1 Rb8 38.Rd2 Nd5 39.Nxd5 Bxd5 40.h5  1-0

[Event "TCh-CZE Div1 Zapad 2012-13"]
[Site "Czech Republic CZE"]
[Date "2012.10.28"]
[Round "1.7"]
[White "Dvorak,J"]
[Black "Adamek,Z"]
[Result "1-0"]
[WhiteElo "2203"]
[BlackElo "2254"]

1.d4 Nf6 2.c4 g6 3.Nc3 Bg7 4.e4 d6 5.Nf3 O-O 6.Be2 e5 7.O-O Nc6 8.d5 Ne7
9.b4 Nh5 10.Re1 a5 11.bxa5 Rxa5 12.Nd2 Nf4 13.Nb3 Nxe2+ 14.Qxe2 Ra8 15.c5 dxc5
16.Nxc5 c6 17.Rd1 cxd5 18.Nxd5 Nc6 19.Be3 Nd4 20.Qb2 Rb8 21.Nb3 Ne6 22.Ba7 Ra8
23.Nb6 Nd4 24.Nxa8 Bg4 25.f3 Qxa8 26.Bxd4 exd4 27.fxg4  1-0

[Event "Chigorin Memorial"]
[Site "St Petersburg RUS"]
[Date "2012.10.28"]
[Round "2.82"]
[White "Swiercz,D"]
[Black "Kalinin,Niki"]
[Result "1-0"]
[WhiteElo "2609"]
[BlackElo "2153"]

1.c4 Nf6 2.Nf3 g6 3.Nc3 Bg7 4.e4 d6 5.d4 O-O 6.Be2 e5 7.O-O Nc6 8.d5 Ne7
9.Ne1 Nd7 10.Nd3 f5 11.Bd2 Nf6 12.f3 f4 13.c5 g5 14.Rc1 Ng6 15.cxd6 cxd6
16.Nb5 Rf7 17.Qc2 Ne8 18.a4 Bf8 19.Nf2 h5 20.h3 Rg7 21.a5 Nh4 22.Nxa7 g4
23.fxg4 Bxg4 24.hxg4 Rxa7 25.Qc8 Qxc8 26.Rxc8 Nf6 27.g3 hxg4 28.gxh4 g3 29.Nh3 Nxe4
30.Bxf4 Nf2 31.Be3 Nxh3+ 32.Kg2 Nf4+ 33.Rxf4 exf4 34.Bxa7 Re7 35.Bg4 Re1
36.Be6+  1-0

[Event "e2e4 Basingstoke Int Open"]
[Site "Basingstoke ENG"]
[Date "2012.10.30"]
[Round "6.12"]
[White "Kisteneva,L"]
[Black "Rudd,J"]
[Result "1-0"]
[WhiteElo "2057"]
[BlackElo "2335"]

1.Nf3 d6 2.d4 g6 3.c4 Bg7 4.Nc3 Nf6 5.e4 O-O 6.Be2 e5 7.O-O Nc6 8.d5 Ne7
9.Ne1 Nd7 10.Nd3 f5 11.f3 f4 12.Rb1 a5 13.a3 g5 14.b4 axb4 15.axb4 h5 16.c5 Rf6
17.Nb5 Rg6 18.h3 Nf6 19.Nf2 g4 20.fxg4 hxg4 21.hxg4 Kf7 22.Bb2 Neg8 23.cxd6 cxd6
24.Rc1 Nh6 25.Nc7 Nhxg4 26.Nxg4 Nxg4 27.Ne6 Qb6+ 28.Bd4 exd4 29.Rxf4+ Ke7
30.Bxg4 d3+ 31.Kh1 Bxe6 32.dxe6 Bf6 33.Bh3 Ra3 34.Qh5 d2 35.Rd1 Rag3 36.e5 Bxe5
37.Rf7+ Ke8 38.Rdf1 d1=Q 39.Qxd1 Rxh3+ 40.gxh3 Qc6+ 41.Qf3 Qxf3+ 42.R1xf3 Rxe6
43.Rxb7 Bd4 44.Ra3  1-0

[Event "Chigorin Memorial"]
[Site "St Petersburg RUS"]
[Date "2012.10.30"]
[Round "4.93"]
[White "Aseev,Vladimir"]
[Black "Cherednichenko,S"]
[Result "0-1"]
[WhiteElo "2095"]
[BlackElo "2311"]

1.d4 Nf6 2.c4 g6 3.Nc3 Bg7 4.e4 d6 5.Nf3 O-O 6.Be2 e5 7.O-O Nc6 8.Be3 Ng4
9.Bg5 f6 10.Bc1 f5 11.exf5 Bxf5 12.h3 Nf6 13.dxe5 dxe5 14.Bg5 e4 15.Nd2 Qe8
16.g4 Be6 17.Qa4 h5 18.gxh5 Bxh3 19.h6 Bh8 20.Rfe1 Qe6 21.c5 Qf5 22.h7+ Kxh7
23.Bh4 Qf4 24.Bxf6 Bxf6 25.Ndxe4 Be5  0-1

[Event "Chigorin Memorial"]
[Site "St Petersburg RUS"]
[Date "2012.10.31"]
[Round "5.114"]
[White "Nezad,H"]
[Black "Korchagina,V"]
[Result "1-0"]
[WhiteElo "2396"]
[BlackElo "2071"]

1.d4 Nf6 2.c4 g6 3.Nc3 Bg7 4.e4 d6 5.Nf3 O-O 6.Be2 e5 7.O-O Nc6 8.d5 Ne7
9.b4 a5 10.Ba3 axb4 11.Bxb4 Ne8 12.c5 f5 13.Ng5 dxc5 14.Bxc5 Nd6 15.Ne6 Bxe6
16.dxe6 fxe4 17.Qb3 b6 18.Bxd6 Qxd6 19.Rad1 Qc6 20.Rd7 Bf6 21.Bb5 Qb7 22.Bc4 Kh8
23.Nd5 Rae8 24.Nxc7 Rd8 25.Rfd1 Rxd7 26.Rxd7 Bh4 27.g3 Rf3 28.Qb2 e3 29.Qxe5+ Bf6
30.Rd8+ Kg7 31.Ne8+ Kh6 32.Nxf6 exf2+ 33.Kf1 Rf5 34.Qe4 Qc7 35.Qh4+  1-0

[Event "Chigorin Memorial"]
[Site "St Petersburg RUS"]
[Date "2012.10.31"]
[Round "5.45"]
[White "Brodsky,M"]
[Black "Cherednichenko,S"]
[Result "1-0"]
[WhiteElo "2563"]
[BlackElo "2311"]

1.d4 Nf6 2.c4 g6 3.Nc3 Bg7 4.e4 d6 5.Be2 O-O 6.Nf3 e5 7.O-O Nc6 8.d5 Ne7
9.Ne1 Nd7 10.Nd3 f5 11.Bd2 Nf6 12.f3 c5 13.Rb1 f4 14.b4 b6 15.bxc5 bxc5 16.Qa4 g5
17.Nf2 h5 18.h3 Kh8 19.Rb2 Rg8 20.Rfb1 Bh6 21.Rb8 Rxb8 22.Rxb8 Nd7 23.Rb2 a6
24.Ncd1 Rg6 25.Ba5 Qg8 26.Bc7 Bf8 27.Qa5 Kh7 28.Bd8 Qf7 29.Qc7 Qe8 30.Nc3 Rg7
31.Bd1 Nf6 32.Ba4 Bd7 33.Bxd7 Nxd7 34.Rb7 Ng8 35.Bxg5 h4 36.Qd8 Qg6 37.Ng4 Kh8
38.Bxh4 Qh5 39.Kf1 Qh7 40.Bg5 Be7 41.Bxe7 Rxe7 42.Ra7 Rf7 43.a4 Rg7 44.Rxa6 Nf6
45.Nxf6 Qh4 46.Ra8 Rxg2 47.Qxg8+  1-0

[Event "Chigorin Memorial"]
[Site "St Petersburg RUS"]
[Date "2012.11.01"]
[Round "6.86"]
[White "Cherednichenko,S"]
[Black "Atabayew,S"]
[Result "1-0"]
[WhiteElo "2311"]
[BlackElo "2118"]

1.d4 Nf6 2.Nf3 g6 3.c4 Bg7 4.Nc3 O-O 5.e4 d6 6.Be2 e5 7.O-O Nc6 8.d5 Ne7
9.Ne1 Nd7 10.Nd3 f5 11.Bd2 Nf6 12.f3 c5 13.Rb1 b6 14.b4 f4 15.bxc5 bxc5 16.Qa4 g5
17.Nf2 h5 18.h3 Rf7 19.Rb2 Bh6 20.Rfb1 Kh7 21.Rb8 Rxb8 22.Rxb8 Qc7 23.Rb2 a6
24.Ncd1 Qd8 25.Ba5 Qg8 26.Rb8 Qg6 27.Bd8 Bd7 28.Qxa6 g4 29.Kf1 g3 30.Nd3 Nfg8
31.Rb6 Bc8 32.Qa8 Rg7 33.Bxe7 Nxe7 34.Rb8 Rg8 35.a4 h4 36.Kg1 Qe8 37.Nc3 Qd7
38.Nb5 Rd8 39.Qa7 Qe8 40.Nxd6  1-0

[Event "Chigorin Memorial"]
[Site "St Petersburg RUS"]
[Date "2012.11.01"]
[Round "6.20"]
[White "Lenderman,A"]
[Black "Gladyszev,O"]
[Result "1-0"]
[WhiteElo "2614"]
[BlackElo "2446"]

1.d4 Nf6 2.c4 g6 3.Nc3 Bg7 4.e4 d6 5.Nf3 O-O 6.Be2 e5 7.O-O Nc6 8.d5 Ne7
9.Ne1 Nd7 10.Be3 f5 11.f3 f4 12.Bf2 g5 13.Rc1 Ng6 14.Nb5 b6 15.b4 a6 16.Nc3 Rf7
17.Nd3 Bf8 18.c5 bxc5 19.bxc5 Rg7 20.cxd6 Bxd6 21.Na4 Nf6 22.Nac5 Nf8 23.Qa4 g4
24.Bh4 Ng6 25.Bxf6 Qxf6 26.fxg4 h5 27.Qe8+ Kh7 28.Ne6 Rg8 29.g5 Rxe8 30.gxf6 Bxe6
31.dxe6 Rxe6 32.Bxh5 Rxf6 33.Bxg6+ Rxg6 34.Rf3 Rb8 35.Kf2 Kg7 36.g3 Rh8 37.Kg2 Rgh6
38.Rh1 fxg3 39.Rxg3+ Kf6 40.Nf2 Ke6 41.Ng4 Rh4 42.Rf1 Rb8 43.Rf6+ Ke7 44.Rf2 Ke6
45.h3 Rb4 46.Re2 Rh8 47.Rf3 Be7 48.Rf5 Bd6 49.Rf6+ Ke7 50.Kg3 Ra4 51.Rf3 Ke6
52.Kg2 Be7 53.Rf5 Bd6 54.Rg5 Rc4 55.Rg6+ Kf7 56.Rf6+ Ke7 57.Rh6 Rxh6 58.Nxh6 Kf6
59.h4 Rc3 60.Nf5 Ra3 61.Ng3 Kg6 62.Rc2 a5 63.Rf2 Bc5 64.Rc2 Bd6 65.Kh3 Rf3
66.Rh2 Bc5 67.h5+ Kh6 68.Rc2 Bf2 69.Rc6+ Kh7 70.Rxc7+ Kh6 71.Rc6+ Kh7 72.Kg2 Rxg3+
73.Kxf2 Ra3 74.Re6 a4 75.Rxe5 Rxa2+ 76.Kf3 a3 77.Ra5 Kh6 78.Kg4 Rg2+ 79.Kf4 Ra2
80.Ke5 Ra1 81.Ke6 a2 82.e5 Kxh5 83.Ra8 Kh6 84.Rh8+ Kg7 85.Rh2 Kf8 86.Rg2 Rb1
87.Rxa2 Rb6+ 88.Kd7 Rb7+ 89.Kc6 Rb1 90.Ra7 Ke8 91.Kc5 Rb2 92.Rh7 Ra2 93.Kd5 Ra5+
94.Ke6 Ra6+ 95.Kf5 Rb6 96.Rc7 Ra6 97.Rb7 Kf8 98.Rh7 Ke8 99.Rc7 Kf8 100.Ke4 Ke8
101.Kd4 Ra4+ 102.Kd5 Ra5+ 103.Ke6 Ra6+ 104.Kf5 Kf8 105.Rd7 Ke8 106.Rd5 Ke7
107.Rb5 Ke8 108.Rb8+ Ke7 109.Rh8 Ra1 110.Rh7+ Ke8 111.Kf6 Rf1+ 112.Ke6 Kf8
113.Ra7 Rb1 114.Ra8+ Kg7 115.Re8 Ra1 116.Rd8 Ra6+ 117.Ke7 Ra7+ 118.Rd7 Ra6
119.Ke8+ Kg8 120.Rd6 Ra8+ 121.Rd8 Ra7 122.e6  1-0

[Event "Chigorin Memorial"]
[Site "St Petersburg RUS"]
[Date "2012.11.01"]
[Round "6.41"]
[White "Al Sayed,Mohamad"]
[Black "Solovjov,S"]
[Result "1/2-1/2"]
[WhiteElo "2511"]
[BlackElo "2371"]

1.d4 Nf6 2.c4 g6 3.Nc3 Bg7 4.e4 d6 5.Nf3 O-O 6.Be2 e5 7.O-O Nc6 8.d5 Ne7
9.b4 a5 10.Ba3 axb4 11.Bxb4 b6 12.a4 Nd7 13.a5 Nc5 14.Qc2 Na6 15.Ba3 bxa5
16.c5 Nxc5 17.Bxc5 dxc5 18.Rfd1 Bg4 19.Na4 Qd6 20.Nb2 Rfd8 21.Nc4 Qf6 22.Nfxe5 Bxe2
23.Qxe2 a4 24.Qe3 g5 25.Qxc5 Ng6 26.Nc6 Re8 27.e5 Qf5 28.d6 Bxe5 29.N4xe5 cxd6
30.Qxd6 Nxe5 31.Ne7+ Rxe7 32.Qxe7 Nd3 33.Rd2 Kg7 34.Qe3 Nf4 35.Qc3+ f6 36.Qc6 Ra7
37.Rad1 Kh6 38.Rd6 Rf7 39.h4 gxh4 40.Kh2 Ng6 41.Qf3 Qxf3 42.gxf3 Kg5 43.Ra6 Ne5
44.Rxa4 Kf5 45.f4 Ng4+ 46.Kg2 Rb7 47.Ra5+ Kg6 48.Rd8 h5 49.Rg8+ Kh7 50.Re8 Kg6
51.Rg8+ Kh7 52.Re8 Kg6 53.Rg8+  1/2-1/2

[Event "16th OIBM 2012"]
[Site "Bad Wiessee GER"]
[Date "2012.11.02"]
[Round "7.6"]
[White "Hoffmann,Micha1"]
[Black "Nyzhnyk,I"]
[Result "0-1"]
[WhiteElo "2474"]
[BlackElo "2620"]

1.d4 Nf6 2.c4 g6 3.Nc3 Bg7 4.e4 d6 5.Nf3 O-O 6.Be2 e5 7.O-O Nc6 8.d5 Ne7
9.b4 c6 10.a4 a5 11.bxa5 Qxa5 12.Ra3 c5 13.Nd2 Ra6 14.Nb5 Nd7 15.Bb2 Bh6
16.Bc3 Qd8 17.Bb2 Qa5 18.Bc3 Qd8 19.Bb2 f5 20.exf5 gxf5 21.g3 Nf6 22.f4 exf4
23.gxf4 Ng6 24.Raf3 Nh5 25.Kh1 Nhxf4 26.R3f2 Bd7 27.Qb3 Nxe2 28.Rxe2 Re8
29.Rg2 Re3 30.Qd1 Qh4 31.Bc1 Rh3 32.Qe2 Qh5 33.Qxh5 Rxh5 34.Nf3 f4 35.Re2 Rh3
36.Rb2 Bg4 37.Ng1 Rd3 38.Rg2 Rd1  0-1

[Event "Chigorin Memorial"]
[Site "St Petersburg RUS"]
[Date "2012.11.02"]
[Round "7.56"]
[White "Demuth,A"]
[Black "Cherednichenko,S"]
[Result "1/2-1/2"]
[WhiteElo "2479"]
[BlackElo "2311"]

1.d4 Nf6 2.c4 g6 3.Nc3 Bg7 4.e4 d6 5.Nf3 O-O 6.Be2 e5 7.O-O Nc6 8.d5 Ne7
9.Nh4 Ne8 10.g3 Bh3 11.Re1 f5 12.exf5 gxf5 13.f3 Ng6 14.Nxg6 hxg6 15.Be3 Nf6
16.Bf1 Bxf1 17.Rxf1 Kf7 18.Qd2 Rh8 19.Rae1 Rh3 20.Re2 Qd7 21.Rg2 Rah8 22.Qe2 Nh5
23.Bf2 Nf6 24.Be3 Nh5 25.Bf2 Nf6  1/2-1/2

[Event "Chigorin Memorial"]
[Site "St Petersburg RUS"]
[Date "2012.11.02"]
[Round "7.118"]
[White "Kopasov,E"]
[Black "Rjanova,V"]
[Result "1/2-1/2"]
[WhiteElo "2014"]
[BlackElo "2206"]

1.d4 Nf6 2.c4 g6 3.Nc3 Bg7 4.e4 d6 5.Nf3 O-O 6.Be2 e5 7.O-O Nc6 8.d5 Ne7
9.b4 Nh5 10.g3 f5 11.Ng5 Nf6 12.f3 c6 13.Be3 Ne8 14.Qb3 f4 15.Bf2 Kh8 16.Ne6 Bxe6
17.dxe6 fxg3 18.hxg3 Nc7 19.c5 d5 20.exd5 cxd5 21.Rad1 Nxe6 22.Nxd5 Nf5 23.Nc3 Ned4
24.Qc4 Qg5 25.Ne4 Qh6 26.Kg2 Qe3 27.Rde1 Nxf3 28.Bxf3 Qxf3+ 29.Kxf3 Nd6+
30.Kg2 Nxc4 31.Rc1 b5 32.a4 Bh6 33.Rc2 a6 34.axb5 Na3 35.Ra2 Nxb5 36.Rfa1 Nc7
37.c6 Rfb8 38.Bc5 Bf8 39.Nd6 Kg8 40.Kf3 Rd8 41.Ne4 Rab8 42.Rxa6 Nxa6 43.Rxa6 Bxc5
44.c7 Be7 45.cxb8=Q Rxb8 46.Re6 Bxb4 47.Rxe5 Kg7 48.Rd5 Rf8+ 49.Kg2 h5 50.Rb5 Be7
51.Rb7 Rf7 52.Ra7 Bd8 53.Rxf7+ Kxf7 54.Kf3 Bc7 55.Ng5+ Kf6 56.Ne4+ Kf5 57.Nf2 Bd6
58.g4+ hxg4+ 59.Nxg4 Kg5  1/2-1/2

[Event "Chigorin Memorial"]
[Site "St Petersburg RUS"]
[Date "2012.11.02"]
[Round "7.94"]
[White "Yudkevich,M"]
[Black "Ignatyev,Viktor"]
[Result "0-1"]
[WhiteElo "2099"]
[BlackElo "2254"]

1.d4 Nf6 2.c4 g6 3.Nc3 Bg7 4.e4 d6 5.Be2 O-O 6.Nf3 e5 7.O-O Nc6 8.d5 Ne7
9.Ne1 Nd7 10.Nd3 f5 11.b4 Nf6 12.f3 f4 13.c5 g5 14.Bd2 Ng6 15.a4 Rf7 16.cxd6 cxd6
17.a5 h5 18.Nf2 Bf8 19.Rc1 Rg7 20.Nb5 a6 21.Na3 Nh8 22.Nc4 Nd7 23.Rc3 b5
24.axb6 Nxb6 25.Nxb6 Qxb6 26.Rc6 Qd8 27.h3 Nf7 28.Qc2 Nh6 29.Rc1 Bd7 30.Rc7 Be7
31.Be1 Qe8 32.Ra1 Bd8 33.Rb7 Kh8 34.Rxa6 Rxa6 35.Bxa6 g4 36.fxg4 hxg4 37.hxg4 Nxg4
38.Nxg4 Rxg4 39.Rxd7 Qxd7 40.Bc8 Qa7+ 41.Qf2 Bb6 42.Bxg4 Bxf2+ 43.Bxf2 Qa1+
44.Kh2 Qb2 45.Bh4 Qxb4 46.Bf3 Kg7 47.Kg1 Qb8 48.Bf2 Kg6 49.Bh4 Qb1+ 50.Kh2 Qc1
51.Bg4 Qc4 52.Bf3 Qc8 53.Be2 Qh8 54.Kh3 Kf7 55.Bg4 Ke8 56.Be6 Qh7 57.Bf5 Qa7
58.Bg4 Qg1 59.Bf3 Kf7 60.Bh5+ Kg7 61.Bf3 Qh1+ 62.Kg4 Kg6 63.g3 Qh2 64.Bd1 fxg3
65.Bxg3 Qh5+  0-1

[Event "Chigorin Memorial"]
[Site "St Petersburg RUS"]
[Date "2012.11.02"]
[Round "7.155"]
[White "Fokin,A"]
[Black "Korchagina,V"]
[Result "1-0"]
[WhiteElo "1793"]
[BlackElo "2071"]

1.d4 d6 2.c4 g6 3.e4 Nf6 4.Nc3 Bg7 5.Nf3 O-O 6.Be2 e5 7.O-O Nc6 8.d5 Ne7
9.b4 Nh5 10.Bb2 Nf4 11.Qd2 Nxe2+ 12.Nxe2 f5 13.exf5 gxf5 14.Ng3 Qe8 15.a4 Kh8
16.Rfe1 Rg8 17.c5 Qg6 18.Nxe5 dxe5 19.Rxe5 f4 20.Rxe7 fxg3 21.hxg3 Bg4 22.Rxc7 Rae8
23.Rxb7 Re2 24.Bxg7+ Qxg7 25.Rxg7 Rxd2 26.Rxg8+ Kxg8 27.d6 Kf7 28.b5 Ke8
29.f3 Bf5 30.g4 Bc2 31.a5 Kd7 32.a6 Bb3 33.b6 Bd5 34.b7 Rb2 35.Re1 Bxb7 36.Re7+ Kc6
37.Rc7+ Kd5 38.Rxb7 Rd2 39.Rc7  1-0

[Event "39th ch-IND Premier w 2012"]
[Site "Jalgaon IND"]
[Date "2012.11.03"]
[Round "11.11"]
[White "Ivana Maria,F"]
[Black "Lasya,G"]
[Result "1-0"]
[WhiteElo "2119"]
[BlackElo "1982"]

1.d4 Nf6 2.c4 g6 3.Nc3 Bg7 4.Nf3 d6 5.e4 O-O 6.Be2 e5 7.O-O Nc6 8.d5 Ne7
9.b4 Nh5 10.Re1 Nf4 11.Bf1 a5 12.Ba3 Bg4 13.h3 Bh5 14.g4 Bxg4 15.hxg4 Qd7
16.Nh2 f5 17.Re3 axb4 18.Bxb4 fxg4 19.Qxg4 Qd8 20.c5 h5 21.Qd1 g5 22.Ne2 Neg6
23.Ng3 g4 24.cxd6 cxd6 25.Nf5 Nh4 26.Nxh4 Qxh4 27.Rg3 Rf6 28.Be1 Ng6 29.Rg2 Nf4
30.f3 Qg5 31.Rg3 Rf7 32.Kh1 Qg6 33.Qc2 Bf6 34.fxg4 h4 35.Rg1 Ra3 36.Qc8+ Rf8
37.Qf5 Qg7 38.g5 Bd8 39.Qg4 Qg6 40.Bg2 Bb6 41.Rf1 Bd4 42.Rc1 Rxa2 43.Rc8 h3
44.Bf3 Qf7 45.Bg3 Ng2 46.Be2 Ra1 47.g6 Rxf1+ 48.Nxf1 Qf6 49.Qxh3 Qxg6 50.Rxf8+ Kxf8
51.Qxg2  1-0

[Event "Chigorin Memorial"]
[Site "St Petersburg RUS"]
[Date "2012.11.03"]
[Round "8.122"]
[White "Andreeva,Y"]
[Black "Torlopov,N"]
[Result "0-1"]
[WhiteElo "1944"]
[BlackElo "2184"]

1.d4 Nf6 2.Nf3 g6 3.c4 Bg7 4.Nc3 O-O 5.e4 d6 6.Be2 e5 7.O-O Nc6 8.d5 Ne7
9.b4 Nh5 10.g3 Nf6 11.c5 Ne8 12.a4 f5 13.Ng5 Nf6 14.f3 h6 15.Ne6 Bxe6 16.dxe6 d5
17.Nxd5 Nfxd5 18.exd5 Qxd5 19.Bb2 Qxe6 20.Rc1 Rad8 21.Bc4 Nd5 22.Qb3 c6 23.Rce1 Rfe8
24.Kh1 Kh7 25.b5 Qe7 26.Ba3 h5 27.a5 Nc7 28.b6 Ne6 29.bxa7 Nd4 30.Qa2 Ra8
31.Bb4 Rxa7 32.Re3 Raa8 33.f4 e4 34.Qb1 Red8 35.h3 Nb5 36.Bxb5 cxb5 37.c6 Qf7
38.cxb7 Qxb7 39.Kh2 Rac8 40.g4 Bd4 41.Re2 hxg4 42.hxg4 Kg7 43.Rc1 Rxc1 44.Qxc1 fxg4
45.Kg3 Rh8 46.f5 Qb8+ 47.Kxg4 gxf5+ 48.Kxf5 Qe5+ 49.Kg4 Qe6+ 50.Kg3 Qh3+  0-1

[Event "Chigorin Memorial"]
[Site "St Petersburg RUS"]
[Date "2012.11.04"]
[Round "9.163"]
[White "Elizarova,T"]
[Black "Rybakova,Polina"]
[Result "1/2-1/2"]
[WhiteElo "1663"]
[BlackElo "1787"]

1.d4 Nf6 2.c4 g6 3.Nc3 Bg7 4.e4 d6 5.Nf3 O-O 6.Be2 e5 7.O-O Nc6 8.d5 Ne7
9.Ne1 Ne8 10.Nd3 f5 11.Bd2 Nf6 12.f3 f4 13.c5 g5 14.cxd6 cxd6 15.Nf2 h5 16.Rc1 a6
17.b4 b5 18.a4 bxa4 19.Nxa4 Bd7 20.Ra1 Qc7 21.Nb2 Bb5 22.Bxb5 axb5 23.Qe2 Qb6
24.Ra5 Rfb8 25.Rfa1 Rxa5 26.Rxa5 Ne8 27.Nd1 Nc7 28.Nc3 Kf7 29.Kf1 Nc8 30.Nfd1 Ne7
31.Nf2 Nc8 32.Nfd1 Ne7 33.Nf2  1/2-1/2

[Event "Chigorin Memorial"]
[Site "St Petersburg RUS"]
[Date "2012.11.04"]
[Round "9.84"]
[White "Cherednichenko,S"]
[Black "Hairapetian,A"]
[Result "1/2-1/2"]
[WhiteElo "2311"]
[BlackElo "2185"]

1.d4 Nf6 2.Nf3 g6 3.c4 Bg7 4.Nc3 d6 5.e4 O-O 6.Be2 e5 7.O-O Nc6 8.d5 Ne7
9.Ne1 Nd7 10.Nd3 f5 11.Bd2 Nf6 12.f3 Kh8 13.b4 c6 14.Qb3 b5 15.Nf2 Bb7 16.Rad1 bxc4
17.Bxc4 cxd5 18.Bxd5 Nexd5 19.Nxd5 Nxd5 20.exd5 Qd7 21.a4 Rac8 22.b5 Rfe8
23.Rfe1 Qc7 24.Rc1 Qd7 25.Bb4 Bxd5 26.Qa3 Rxc1 27.Rxc1 e4 28.Bxd6 exf3 29.gxf3 Qe6
30.Bb4 Qf6 31.Bd2 h5 32.Rc7 Qd8 33.Rc2 Qh4 34.Qd3 Qxa4 35.Rc7 Qa1+ 36.Kg2 Qa2
37.Bc3 Bf7 38.Bxg7+ Kxg7 39.Qd4+ Kg8 40.Rxa7 Qd5 41.Qxd5 Bxd5 42.Rd7 Be6
43.Rd6 Kf7 44.h4 Rb8 45.b6 Ke7 46.Rc6 Kd7 47.Rc7+ Ke8 48.b7 Bd7 49.Nd3 Kd8
50.Rc3 Rxb7 51.Ne5 Be8 52.Ra3 Ke7 53.f4 Rb6 54.Ra7+ Ke6 55.Ra5 Bc6+ 56.Kg3 Be4  1/2-1/2